<?xml version="1.0" encoding="UTF-8"?>
<marc:record xmlns:marc="http://www.loc.gov/MARC21/slim">
   <marc:leader>00000nam a2200000 a 4500</marc:leader>
   <marc:datafield ind1="1" ind2=" " tag="100">
      <marc:subfield code="a">Osborne, Mary Pope</marc:subfield>
      <marc:subfield code="4">aut</marc:subfield>
      <marc:subfield code="e">Verfasser/-in</marc:subfield>
   </marc:datafield>
   <marc:datafield ind1=" " ind2=" " tag="653">
      <marc:subfield code="a">Teil einer Reihe</marc:subfield>
   </marc:datafield>
   <marc:datafield ind1=" " ind2=" " tag="653">
      <marc:subfield code="a">Magie</marc:subfield>
   </marc:datafield>
   <marc:datafield ind1=" " ind2=" " tag="653">
      <marc:subfield code="a">Freundschaft</marc:subfield>
   </marc:datafield>
   <marc:datafield ind1=" " ind2=" " tag="653">
      <marc:subfield code="a">Autor Amerika</marc:subfield>
   </marc:datafield>
   <marc:datafield ind1=" " ind2=" " tag="653">
      <marc:subfield code="a">Zeitreise</marc:subfield>
   </marc:datafield>
   <marc:datafield ind1="0" ind2="0" tag="245">
      <marc:subfield code="a">Die letzten Wildpferde - 63</marc:subfield>
   </marc:datafield>
   <marc:datafield ind1="0" ind2="0" tag="245">
      <marc:subfield code="c">Mary Pope Osborne</marc:subfield>
   </marc:datafield>
   <marc:datafield ind1=" " ind2="1" tag="264">
      <marc:subfield code="a">Bindlach</marc:subfield>
      <marc:subfield code="b">Loewe</marc:subfield>
      <marc:subfield code="c">2026</marc:subfield>
   </marc:datafield>
   <marc:datafield ind1="1" ind2=" " tag="490">
      <marc:subfield code="a">Das magische Baumhaus</marc:subfield>
      <marc:subfield code="v">63 DAS MAGISCHE BAUMHAUS</marc:subfield>
   </marc:datafield>
   <marc:datafield ind1="1" ind2=" " tag="520">
      <marc:subfield code="a">Loewe-Bücher: garantiert ohne KI#  ##  #Die letzten Wildpferde#  #Anne und Philipp reisen mit dem magischen Baumhaus in die Mongolei, um bei der Auswilderung der letzten echten Wildpferde zu helfen. Doch zunächst gewöhnen sich die Tiere auf einer sicheren Koppel an ihre neue Umgebung. Als eines Nachts das Tor offensteht und einige Wildpferde geflüchtet sind, beginnt ein Wettlauf gegen die Zeit. Werden die Geschwister die Pferde noch vor den hungrigen Wölfen finden.#  ##  #Komm mit auf die Reise im magischen Baumhaus! Rätselhafte Abenteuer in fremden Welten und längst vergangenen Zeiten erwarten dich auch in den anderen Bänden.#  ##  #In der beliebten Kinderbuch-Reihe der Bestsellerautorin Mary Pope Osborne reisen Kinder ab 8 Jahren gemeinsam mit Anne und Philipp durch Raum und Zeit und erleben mit ihnen spannende Abenteuer. In diesem Band sind sie den letzten echten Wildpferden auf der Spur!#  # #   #   Wissenswerte Tierfakten: Die Leserinnen und Leser erfahren interessante Details über Przewalski-Pferde und deren Rückkehr in die Wildnis. #   Faszinierende Kulisse: Die Mongolei als Schauplatz sorgt für Einblicke in eine traditionsreiche Kultur. #   Wichtige Botschaft: Die Geschichte vermittelt wichtige Werte wie den respektvollen Umgang mit der Natur und den Schutz bedrohter Tierarten, wie der Przewalski-Pferde. #   Leseförderung mit Antolin: Der Titel ist bei Antolin gelistet und fördert spielerisch die Lesekompetenz.</marc:subfield>
   </marc:datafield>
   <marc:datafield ind1=" " ind2=" " tag="020">
      <marc:subfield code="a">9783743223035</marc:subfield>
      <marc:subfield code="9">9783743223035</marc:subfield>
   </marc:datafield>
   <marc:datafield ind1=" " ind2=" " tag="041">
      <marc:subfield code="a">ger</marc:subfield>
   </marc:datafield>
   <marc:datafield ind1=" " ind2=" " tag="300">
      <marc:subfield code="a">112 Seiten</marc:subfield>
   </marc:datafield>
</marc:record>
